ʻAqd al-naql / (Record no. 48217)

MARC details
000 -LEADER
fixed length control field 00675cam a22002291a 4500
001 - CONTROL NUMBER
control field ne 65001285
003 - CONTROL NUMBER IDENTIFIER
control field DLC
005 - DATE AND TIME OF LATEST TRANSACTION
control field 20260227111814.0
008 - FIXED-LENGTH DATA ELEMENTS--GENERAL INFORMATION
fixed length control field 850426s1965 ua 001 0 arar
010 ## - LIBRARY OF CONGRESS CONTROL NUMBER
LC control number ne 65001285
035 ## - SYSTEM CONTROL NUMBER
System control number (OCoLC)11966302
040 ## - CATALOGING SOURCE
Original cataloging agency DLC
Transcribing agency TxU-L
Modifying agency TxU-L
-- DLC
042 ## - AUTHENTICATION CODE
Authentication code premarc
050 00 - LIBRARY OF CONGRESS CALL NUMBER
Classification number K1130
Item number .Y96 1965
100 1# - MAIN ENTRY--PERSONAL NAME
Personal name Yūnus, ʻAlī Ḥasan.
245 10 - TITLE STATEMENT
Title ʻAqd al-naql /
Statement of responsibility, etc. ʻAlī Ḥasan Yūnus.
260 ## - PUBLICATION, DISTRIBUTION, ETC.
Place of publication, distribution, etc. [al-Qāhirah?] :
Name of publisher, distributor, etc. Dār al-Fikr al-ʻArabī,
Date of publication, distribution, etc. [1965?]
300 ## - PHYSICAL DESCRIPTION
Extent 439 p. ;
Dimensions 23 cm.
504 ## - BIBLIOGRAPHY, ETC. NOTE
Bibliography, etc. note Includes bibliographical references and index.
650 #0 - SUBJECT ADDED ENTRY--TOPICAL TERM
Topical term or geographic name entry element Carriers.
650 #0 - SUBJECT ADDED ENTRY--TOPICAL TERM
Topical term or geographic name entry element Transportation
General subdivision Law and legislation.

No items available.

Powered by Koha